Tim Burton Movies - Sudden Death - Statistics

General Stats
  • This quiz has been taken 1,559 times
    1,071 since last reset
  • The average score is 7 of 37
Answers on the Grid
Answers color-coded by a green-red scale on the quiz's grid according to % correct below.
The Lord of the Rings
The Muppets Movie
The Fox and the Hound
Tron
Pee-Wee's Big Adventure
The Black Cauldron
Beetlejuice
Batman
Edward Scissorhands
Batman Returns
Singles
Hoffa
Stay Tuned
The Nightmare Before Christmas
Ed Wood
Cabin Boy
Batman Forever
James and the Giant Peach
Mary Reilly
Mars Attacks!
Sleepy Hollow
Planet of the Apes
Big Fish
Catwoman
Charlie and the Chocolate Factory
Corpse Bride
Sweeney Todd: The Demon Barber of Fleet Street
9
Alice in Wonderland
Dark Shadows
Frankenweenie
Abraham Lincoln: Vampire Hunter
Big Eyes
Miss Peregrine's Home For Peculiar Children
Alice Through the Looking Glass
Dumbo
Beetlejuice Beetlejuice
Batman and Robin
The Flash
The Rescuers
The Many Adventures of Winnie the Pooh
The Great Mouse Detective
Coraline
Monkeybone
Kubo and the Two Strings
Missing Link
The Boxtrolls
ParaNorman
The Secret Life of Walter Mitty
The Cable Guy
Matilda
Wonka
The Life Aquatic With Steve Zissou
Fantastic Mr. Fox
The Addams Family
Addams Family Values
Hot to Trot
Big Top Pee-Wee
Pee-Wee's Big Holiday
Maleficent
Cruella
Cinderella
Rise of the Planet of the Apes
How the Grinch Stole Christmas
The Polar Express
Beowulf
A Christmas Carol
Welcome to Marwen
The Witches
Pinocchio
The Curious Case of Benjamin Button
Who Framed Roger Rabbit
A Series of Unfortunate Events
 
Answer Stats
Answer % Correct
Edward Scissorhands
45%
Beetlejuice
43%
Corpse Bride
43%
Beetlejuice Beetlejuice
39%
The Nightmare Before Christmas
39%
Sweeney Todd: The Demon Barber of Fleet Street
37%
Charlie and the Chocolate Factory
33%
Alice in Wonderland
32%
Frankenweenie
32%
Sleepy Hollow
31%
Batman
26%
Batman Returns
24%
Big Fish
24%
He was a producer for the film Alice Through the Looking Glass
22%
Dark Shadows
22%
Ed Wood
22%
Miss Peregrine's Home For Peculiar Children
20%
Mars Attacks!
18%
Dumbo
17%
Pee-Wee's Big Adventure
15%
Planet of the Apes
15%
Big Eyes
14%
He was a producer for the film James and the Giant Peach
13%
He was a producer for the film Batman Forever
11%
He was a producer for the film 9
7%
He was a producer for the film Abraham Lincoln: Vampire Hunter
5%
He was an animated for the film The Black Cauldron
3%
He was a producer for the film Cabin Boy
2%
He was a creative consultant for the film Catwoman
2%
He was an animator for the film The Fox and the Hound
2%
He was a puppeteer for the film The Muppets Movie
2%
He was an actor for the film Hoffa
1%
He was a creative consultant for the film Mary Reilly
1%
He was an actor for the film Singles
1%
He was an a creative consultant for the film Stay Tuned
1%
He was an animator for the film The Lord of the Rings
1%
He was an animator for the film Tron
1%
No matching quizzes found
Score Distribution
Percent of People with Each Score
Percentile by Number Answered
Your Score History
You have not taken this quiz since the last reset